000 01925cam a22002054a 4500
005 20250605164007.0
008 250528s ||||||||||||||||||||||||d
035 _a15851
020 _a895887304
040 _aGR-AtMCL
_bgre
_dGR-AtMCL
_eAACR2
245 1 _aΕισαγωγή στο Autocad Έκδοση 11 / Τρίτη Αμερικάνικη Έκδοση
250 _a
260 _bΜ. Γκιούρδας,
_c1991
300 _a394
520 _aΤο βιβλίο αυτό είναι ένας διδακτικός οδηγός στην σχεδίαση μέσω υπολογιστή με την τελευταία έκδοση του AutoCAD - τόσο σε υπολογιστές IBM και συμβατούς, όσο και σε SUN ή άλλα ΘΝΙΧ συστήματα. Εισαγωγή ,Χρησιμοποιώντας τον Υπολογιστή στην Σχεδίαση, Δημιουργώντας ένα Πλαίσιο για το Σχέδιο σας, Προσθέντοντας ένα Σύμβολο Τίτλου στο Σχέδιο, Σχεδιάζοντας Γραμμές και Έναν Κύκλο, Επιλέγοντας Αντικείμενα που Έχετε Σχεδιάσει, Επεκτάσεις και Αποκοπές, Σχεδιάζοντας μια Τροχαλία, Σχεδιάζοντας τρεις Απόψεις ενός Αγκίστρου, Σχεδιάζοντας μια Φλάντζα, Διαστασιολογώντας το Άγκιστρο, Διαστασιολογώντας την Φλάντζα, Εισαγωγή στην Τρισδιάστατη Σχεδίαση, Διαχωρίζοντας το Μοντέλο από το Σχέδιο, Εγκατάσταση του AutoCAD, Οι Εντολές του AutoCAD, Ευρετήριο Ελληνικών και Αγγλικών Όρων.
700 1 _aMiller Alan
_91867
942 _cBK
999 _c1401
_d1401